00719nam a2200205 a 4500001001000000005001700010008004100027020001500068050002500083100002700108245010400135260002500239300002400264440002400288440003400312504003200346650004500378650005200423651003800475BRCA_206920190320203645.0070808s1994----mx-a---###---#000-0#spa-# a9682951569 4aF1386.15b.S63c19941 aSodi Miranda, Federica10aLa cerámica novohispana vidriada y con decoración sellada del siglo XVIcFederica Sodi Miranda. aMéxicobINAHc1994 a150 p.bil.c26 cm. 0aSerie arqueología 0aColección Científicav291 aBibliografía : p. 147-15014aCerámica españolazMéxico (Ciudad)14aExcavaciones (Arqueología)zMéxico (Ciudad) 4aMéxico (Ciudad)xAntigüedades